• 首页
  • 本馆介绍
  • 公告通知
  • 最新文献
  • 馆藏检索
  • 电子资源
  • 读者导购
  • 参考咨询
  • 我的图书馆
  • 登录
  • 详细信息显示
  • 放入我的书架
  • 预约/预借图书
  • 作者相关作品
  • 分类相关作品
  • 丛书相关作品
  • 出版社相关作品

书目信息

  • 表格格式
  • 工作单格式
  • 卡片格式
书名: A beginner’s guide to scientific method
作者: Stephen S. Carey.
分册号:
分册名:
出版地: Belmont, Calif. :
 
出版社: Wadsworth Pub. Co
出版时间: c1994.
页数: xii, 124 p. ;
开本: 23 cm.
丛书名:
中图分类号:
科图分类号:
其他分类号: N8
主题词:
电子资源:
000 01024cam a2200277 a 450
001 E0752566623
005 20070322144235.64
008 930319s1994 cau b 001 0 eng
010    @a93015423
020    @a0534211267 (acid-free paper) :@cUSD13.50.
035    @A(DLC) 93015423
040    @aDLC@cDLC@dDLC
050 00 @aQ175@b.C27 1994
082 00 @a507.2@2 20
090    @aN8
099    @dN8@ex1
100 1  @aCarey, Stephen S.@q(Stephen Sayers),@d1944-
245 12 @aA beginner’s guide to scientific method / @cStephen S. Carey.
260    @aBelmont, Calif. :@bWadsworth Pub. Co.,@cc1994.
300    @axii, 124 p. ;@c23 cm.
504    @aIncludes bibliographical references (p. [120]-121) and index.
650  0 @aScience@xMethodology.
650  0 @aResearch@xMethodology.
906    @a7@bcbc@corignew@d1@eocip@f19@gy-gencatlg
955    @apc20 to ja00 03-19-93; je43/je39 03-19-93; je08 03-23-93; je05 to DDC 03-24-93; aa07 03-24-93; CIP ver. jf06 03-01-97
991    @bc-GenColl@hQ175@i.C27 1994@tCopy 1@wBOOKS
    
    A beginner’s guide to scientific method / / Stephen S. Carey.-Belmont, Calif. : : Wadsworth Pub. Co., , c1994.
    xii, 124 p. ; ; 23 cm.
    Includes bibliographical references (p. [120]-121) and index.
    
    ISBN 0534211267 (acid-free paper) :USD13.50.
    
●
相关链接 在E读中查询图书 在五车中查询图书 在当当中查询图书 在豆瓣中查询图书


正题名:beginner's guide to scientific method     索取号:N8/x1         预约/预借

序号 登录号 条形码 馆藏地/架位号 状态 备注
1 0003498   300034987   第二样本阅览室/ [索取号:N8/x1] 在馆    
2 0003499   300034996   第四借阅区/ [索取号:N8/x1] 在馆    
3 0003500   300035003   第四借阅区/ [索取号:N8/x1] 在馆    
唐山师范学院图书馆 欢迎您!
大连网信软件有限公司© 版权所有